<?xml version="1.0" encoding="UTF-8"?>
<collection xmlns="http://www.loc.gov/MARC21/slim">
 <record>
  <leader>02529aam a22002778a 4500</leader>
  <controlfield tag="001">NCT_4655</controlfield>
  <controlfield tag="008">101019s2010                  ||||||viesd</controlfield>
  <datafield tag="999" ind1=" " ind2=" ">
   <subfield code="c">234</subfield>
   <subfield code="d">234</subfield>
  </datafield>
  <datafield tag="020" ind1=" " ind2=" ">
   <subfield code="c">80000</subfield>
  </datafield>
  <datafield tag="082" ind1="0" ind2="4">
   <subfield code="2">23rd ed.</subfield>
   <subfield code="a">671.5</subfield>
   <subfield code="b">N305</subfield>
  </datafield>
  <datafield tag="100" ind1="1" ind2=" ">
   <subfield code="a">Trần Văn Niên</subfield>
  </datafield>
  <datafield tag="245" ind1="1" ind2="0">
   <subfield code="a">Hướng dẫn thực hành kỹ thuật khai triển gò - hàn</subfield>
   <subfield code="c">Trần Văn Niên, Trần Thế San</subfield>
  </datafield>
  <datafield tag="260" ind1=" " ind2=" ">
   <subfield code="a">H.</subfield>
   <subfield code="b">Khoa học và Kỹ thuật</subfield>
   <subfield code="c">2010</subfield>
  </datafield>
  <datafield tag="300" ind1=" " ind2=" ">
   <subfield code="a">277tr.</subfield>
   <subfield code="b">hình vẽ, bảng</subfield>
   <subfield code="c">27cm</subfield>
  </datafield>
  <datafield tag="520" ind1="3" ind2=" ">
   <subfield code="a">Nội dung tài liệu trình bày các kỹ thuật hàn hơi, hàn hồ quang, các phương pháp hàn mới ở Việt Nam như hàn quang ngầm, hàn điện cực Wolfram-khí trơ, hàn hồ quang khí bảo vệ, hàn hồ quang lõi trợ dung, hàn điện xỉ, hàn điện khí, cắt bằng hồ quang-plasma, kim loại học mối hàn và các phương pháp kiểm tra đánh giá chất lượng hàn. Kỹ thuật khai triển hình gò, các phương pháp gò cơ bản và vấn đề an toàn bảo hộ lao động trong kỹ thuật gò, hàn</subfield>
  </datafield>
  <datafield tag="700" ind1="1" ind2=" ">
   <subfield code="a">Trần Thế San</subfield>
  </datafield>
  <datafield tag="942" ind1=" " ind2=" ">
   <subfield code="2">ddc</subfield>
   <subfield code="c">BK</subfield>
  </datafield>
  <datafield tag="952" ind1=" " ind2=" ">
   <subfield code="0">0</subfield>
   <subfield code="1">0</subfield>
   <subfield code="2">ddc</subfield>
   <subfield code="4">0</subfield>
   <subfield code="6">671_500000000000000_N305</subfield>
   <subfield code="7">0</subfield>
   <subfield code="9">1511</subfield>
   <subfield code="a">000001</subfield>
   <subfield code="b">000001</subfield>
   <subfield code="d">2017-10-17</subfield>
   <subfield code="o">671.5 N305</subfield>
   <subfield code="p">MD.01504</subfield>
   <subfield code="r">2017-10-17</subfield>
   <subfield code="v">80000.00</subfield>
   <subfield code="w">2017-10-17</subfield>
   <subfield code="y">BK</subfield>
  </datafield>
  <datafield tag="952" ind1=" " ind2=" ">
   <subfield code="0">0</subfield>
   <subfield code="1">0</subfield>
   <subfield code="2">ddc</subfield>
   <subfield code="4">0</subfield>
   <subfield code="6">671_500000000000000_N305</subfield>
   <subfield code="7">0</subfield>
   <subfield code="9">1512</subfield>
   <subfield code="a">000001</subfield>
   <subfield code="b">000001</subfield>
   <subfield code="d">2017-10-17</subfield>
   <subfield code="l">1</subfield>
   <subfield code="o">671.5 N305</subfield>
   <subfield code="p">MD.01505</subfield>
   <subfield code="r">2017-12-27</subfield>
   <subfield code="s">2017-12-22</subfield>
   <subfield code="v">80000.00</subfield>
   <subfield code="w">2017-10-17</subfield>
   <subfield code="y">BK</subfield>
  </datafield>
  <datafield tag="952" ind1=" " ind2=" ">
   <subfield code="0">0</subfield>
   <subfield code="1">0</subfield>
   <subfield code="2">ddc</subfield>
   <subfield code="4">0</subfield>
   <subfield code="6">671_500000000000000_N305</subfield>
   <subfield code="7">0</subfield>
   <subfield code="9">1513</subfield>
   <subfield code="a">000001</subfield>
   <subfield code="b">000001</subfield>
   <subfield code="d">2017-10-17</subfield>
   <subfield code="o">671.5 N305</subfield>
   <subfield code="p">MD.01506</subfield>
   <subfield code="r">2017-10-17</subfield>
   <subfield code="v">80000.00</subfield>
   <subfield code="w">2017-10-17</subfield>
   <subfield code="y">BK</subfield>
  </datafield>
  <datafield tag="952" ind1=" " ind2=" ">
   <subfield code="0">0</subfield>
   <subfield code="1">0</subfield>
   <subfield code="2">ddc</subfield>
   <subfield code="4">0</subfield>
   <subfield code="6">671_500000000000000_N305</subfield>
   <subfield code="7">0</subfield>
   <subfield code="9">6513</subfield>
   <subfield code="a">000001</subfield>
   <subfield code="b">000001</subfield>
   <subfield code="d">2018-02-02</subfield>
   <subfield code="o">671.5 N305</subfield>
   <subfield code="p">MD.09914</subfield>
   <subfield code="r">2018-02-02</subfield>
   <subfield code="v">80000.00</subfield>
   <subfield code="w">2018-02-02</subfield>
   <subfield code="y">BK</subfield>
  </datafield>
  <datafield tag="952" ind1=" " ind2=" ">
   <subfield code="0">0</subfield>
   <subfield code="1">0</subfield>
   <subfield code="2">ddc</subfield>
   <subfield code="4">0</subfield>
   <subfield code="6">671_500000000000000_N305</subfield>
   <subfield code="7">0</subfield>
   <subfield code="9">6514</subfield>
   <subfield code="a">000001</subfield>
   <subfield code="b">000001</subfield>
   <subfield code="d">2018-02-02</subfield>
   <subfield code="o">671.5 N305</subfield>
   <subfield code="p">MD.09915</subfield>
   <subfield code="r">2018-02-02</subfield>
   <subfield code="v">80000.00</subfield>
   <subfield code="w">2018-02-02</subfield>
   <subfield code="y">BK</subfield>
  </datafield>
  <datafield tag="952" ind1=" " ind2=" ">
   <subfield code="0">0</subfield>
   <subfield code="1">0</subfield>
   <subfield code="2">ddc</subfield>
   <subfield code="4">0</subfield>
   <subfield code="6">671_500000000000000_N305</subfield>
   <subfield code="7">0</subfield>
   <subfield code="9">6515</subfield>
   <subfield code="a">000001</subfield>
   <subfield code="b">000001</subfield>
   <subfield code="d">2018-02-02</subfield>
   <subfield code="o">671.5 N305</subfield>
   <subfield code="p">MD.09916</subfield>
   <subfield code="r">2018-02-02</subfield>
   <subfield code="v">80000.00</subfield>
   <subfield code="w">2018-02-02</subfield>
   <subfield code="y">BK</subfield>
  </datafield>
  <datafield tag="952" ind1=" " ind2=" ">
   <subfield code="0">0</subfield>
   <subfield code="1">0</subfield>
   <subfield code="2">ddc</subfield>
   <subfield code="4">0</subfield>
   <subfield code="6">671_500000000000000_N305</subfield>
   <subfield code="7">0</subfield>
   <subfield code="9">6516</subfield>
   <subfield code="a">000001</subfield>
   <subfield code="b">000001</subfield>
   <subfield code="d">2018-02-02</subfield>
   <subfield code="o">671.5 N305</subfield>
   <subfield code="p">MD.09917</subfield>
   <subfield code="r">2018-02-02</subfield>
   <subfield code="v">80000.00</subfield>
   <subfield code="w">2018-02-02</subfield>
   <subfield code="y">BK</subfield>
  </datafield>
  <datafield tag="952" ind1=" " ind2=" ">
   <subfield code="0">0</subfield>
   <subfield code="1">0</subfield>
   <subfield code="2">ddc</subfield>
   <subfield code="4">0</subfield>
   <subfield code="6">671_500000000000000_N305</subfield>
   <subfield code="7">0</subfield>
   <subfield code="9">6517</subfield>
   <subfield code="a">000001</subfield>
   <subfield code="b">000001</subfield>
   <subfield code="d">2018-02-02</subfield>
   <subfield code="o">671.5 N305</subfield>
   <subfield code="p">MD.09918</subfield>
   <subfield code="r">2018-02-02</subfield>
   <subfield code="v">80000.00</subfield>
   <subfield code="w">2018-02-02</subfield>
   <subfield code="y">BK</subfield>
  </datafield>
  <datafield tag="980" ind1=" " ind2=" ">
   <subfield code="a">Thư viện Trường Đại học Nam Cần Thơ</subfield>
  </datafield>
 </record>
</collection>
